Τηνιακές παρουσίες : ιστορία - λαογραφία

Αποθηκεύτηκε σε:
Λεπτομέρειες βιβλιογραφικής εγγραφής
Κύριος συγγραφέας: Αμιραλής, Γεώργιος Ν., 1933-
Μορφή: Βιβλίο
Γλώσσα:Greek
Δημοσίευση: Αθήνα : Αδελφότης των Τηνίων εν Αθήναις, 2000.
Θέματα:
Ετικέτες: Προσθήκη ετικέτας
Δεν υπάρχουν, Καταχωρήστε ετικέτα πρώτοι!

MARC

LEADER 00000cam a2200000 i 4500
001 1/56574
008 011205s2000 gr | ||| |||| ||gre||
035 |l 10000011 
040 |a GR-MyUa  |b gre  |e AACR2 
041 0 |a gre 
082 7 |a 938.971   |2 (21) 
100 1 |a Αμιραλής, Γεώργιος Ν.,   |d 1933- 
245 1 0 |a Τηνιακές παρουσίες :   |b ιστορία - λαογραφία /   |c Γεώργιος Ν. Αμιραλής. 
260 |a Αθήνα :   |b Αδελφότης των Τηνίων εν Αθήναις,   |c 2000. 
300 |a 332 σ. :   |b εικ. ;   |c 25 εκ. 
500 |a Περιλαμβάνει ευρετήριο. 
651 0 |a Tenos (Greece : Municipality)  |x History. 
651 0 |a Tenos (Greece : Municipality)  |x Folklore. 
651 0 |a Tenos (Greece : Municipality)  |x Social life and customs. 
852 |a INST  |b SYROS  |c KYK  |e 20011205  |h 938.971 ΑΜΙ  |p 005500000661  |q 005500000661  |t BK  |y 0 
901 |a BIBL5-2001-3 
970 |a Κρητικού  |b Θωμαΐς  |z 25/12/2001